Využitie ekonomickej pridanej hodnoty na hodnotenie výkonnosti podniku

Ekonomická pridaná hodnota (Economic value added - EVA). Charakteristika EVA. Konštrukcia ekonomickej pridanej hodnoty. Operačný zisk po zdanení (NOPAT). Stanovenie priemerných vážených nákladov na kapitál. Náklady na cudzí kapitál. Náklady na vlastný kapitál. Bezriziková úroková sadzba. Riziková pr...

Descrizione completa

Salvato in:
Dettagli Bibliografici
Autore principale: Gallová, Jana
Natura: Capitolo di libro
Lingua:slovacco
Soggetti:
Tags: Aggiungi Tag
Nessun Tag, puoi essere il primo ad aggiungerne!!

MARC

LEADER 00000nla$a2200000$$$4500
001 0051075
005 20240502071607.6
041 0 |a slo 
044 |a SK 
245 1 0 |a Využitie ekonomickej pridanej hodnoty na hodnotenie výkonnosti podniku  |c Jana Gallová 
520 |a Ekonomická pridaná hodnota (Economic value added - EVA). Charakteristika EVA. Konštrukcia ekonomickej pridanej hodnoty. Operačný zisk po zdanení (NOPAT). Stanovenie priemerných vážených nákladov na kapitál. Náklady na cudzí kapitál. Náklady na vlastný kapitál. Bezriziková úroková sadzba. Riziková prémia trhu. Odhad beta - koeficientu. 
610 2 0 |a hodnota pridaná ekonomická 
610 2 0 |a výkony podnikové 
610 2 0 |a výkonnosť 
610 2 0 |a podnik 
610 2 0 |a zisk podnikový 
610 2 0 |a kapitál cudzí 
610 2 0 |a kapitál vlastný 
610 2 0 |a náklady 
100 1 |a Gallová, Jana